Diario de un seductor

Saved in:
Bibliografiske detaljer
Hovedforfatter: Kierkegaard, Søren 1813-1855 (autor)
Format: Bog
Sprog:spansk
Udgivet: Madrid Alianza S. A 2014
Udgivelse:2a. ed
Serier:El Libro de Bolsillo, F25
Fag:
Tags: Tilføj Tag
Ingen Tags, Vær først til at tagge denne postø!

MARC

LEADER 00000cam a2200000 a 4500
001 UCE8887
003 CL-VaPUC
008 150911e20140000sp |||||||||||||||||spa|d
020 |a 9788420686141 
082 0 4 |a 142.78  |b KIE  |2 21 
100 |a Kierkegaard, Søren   |e autor  |d 1813-1855  |9 579207 
245 1 0 |a Diario de un seductor 
250 |a 2a. ed 
300 |a 299 p 
942 |c BK 
945 |d 20150911 12:29:00  |a dcastane 
260 |a Madrid  |b Alianza S. A  |c 2014 
650 0 |a Existencialismo  |9 265698 
650 0 |a Filosofía danesa  |9 266957 
650 7 |a FILOSOFOS DANESES  |2 CL-VaPUC  |9 450734 
650 7 |a DIARIOS INTIMOS  |2 CL-VaPUC  |9 265378 
583 |a last modification  |c 20150911 12:29:00  |k Rodrigo Vera 
490 0 |a El Libro de Bolsillo, F25 
999 |c 360650  |d 360648 
952 |0 0  |1 0  |3 erb  |4 0  |6 142_780000000000000_KIE_2014  |7 0  |8 A  |9 470535  |a BIBEDU  |b BIBEDU  |i 5197457  |l 1  |o 142.78 KIE 2014  |p 5197457  |r 2023-03-09  |s 2022-10-11  |w 2019-11-23  |y BK  |z Catalogado en:20150911  |k FIL